[Event "Tourn. n9791"]
[Site "www.chess-mail.com"]
[Date "2018.05.06"]
[Round "1"]
[White "Picifarkinca"]
[Black "Libiesse"]
[WhiteElo "1920"]
[BlackElo "1880"]
[Result "0-1"]
[Round "1"]
1.d4 d5
2.c4 e6
3.Ng1f3 Ng8f6
4.Bc1g5 Bf8e7
5.Nb1c3 O-O
6.e3 Nb8d7
7.Ra1c1 c5
8.b3 cxd4
9.exd4 dxc4
10.Bf1xc4 h6
11.Bg5d2 b6
12.O-O Bc8b7
13.Rf1e1 a6
14.Nf3e5 b5
15.Bc4f1 Nd7b6
16.Bd2e3 Nb6d5
17.Nc3xd5 Qd8xd5
18.f3 Rf8d8
19.Be3f2 Nf6d7
20.Bf2g3 Be7f6
21.Kh1 Ra8c8
22.Rc1xc8 Rd8xc8
23.h3 Nd7xe5
{ resign }
0-1

[Event "Match"]
[Site "www.echecsemail.com"]
[Date "2018.05.06"]
[Round "1"]
[White "Iko"]
[Black "Guillaumefi"]
[WhiteElo "1730"]
[BlackElo "1399"]
[Result "0-1"]
[Round "1"]
1.e4 c6
2.d4 d5
3.e5 Bc8f5
4.g4 Bf5e4
5.f3 Be4g6
6.f4 Bg6e4
7.Ng1f3 e6
8.Qd1e2 Bf8b4
9.c3 Bb4a5
10.b4 Ba5c7
11.c4 Be4xf3
12.Qe2xf3 dxc4
13.Bf1xc4 Qd8xd4
14.Qf3c3 Qd4e4
15.Qc3e3 Qe4xc4
16.Bc1d2 Ng8h6
17.g5 Nh6f5
18.Qe3a3 Qc4e4
19.Kd1 Qe4xh1
20.Bd2e1 Qh1xh2
21.Qa3f3 Qh2b2
22.Be1c3 Qb2h2
23.Nb1d2 Qh2g3
24.Kc2 Qg3xf3
25.Nd2xf3 Nb8d7
26.Ra1d1 Nf5e3
27.Kd2 Ne3xd1
28.Kxd1 O-O-O
29.Kc2 Nd7b6
30.Bc3d4 Rd8d7
31.Bd4c5 Rh8d8
32.Nf3d4 Nb6d5
33.Bc5xa7 Bc7b6
34.Ba7xb6 Nd5xb6
35.Kc3 Nb6d5
36.Kc4 Nd5xf4
37.a4 Rd7xd4
38.Kc5 Kc7
39.a5 Nf4d3

0-1

[Event "Tourn. n9821"]
[Site "www.echecsemail.com"]
[Date "2018.05.06"]
[Round "1"]
[White "Tonino1"]
[Black "Juheset"]
[WhiteElo "2060"]
[BlackElo "1969"]
[Result "1-0"]
[Round "1"]
1.d4 d5
2.f4 c5
3.e3 Bc8d7
4.c3 cxd4
5.exd4 e6
6.Ng1f3 g6
7.Bf1d3 Ng8f6
8.O-O Nb8c6
9.Nf3e5 Nc6xe5
10.fxe5 Nf6h5
11.g4 Nh5g7
12.Qd1f3 f5
13.exf6 Ng7h5
14.f7 Ke7
15.Bc1g5 { resign }
1-0

[Event "Match"]
[Site "www.echecsemail.com"]
[Date "2018.05.06"]
[Round "1"]
[White "Eeze"]
[Black "Trusivka"]
[WhiteElo "1879"]
[BlackElo "1499"]
[Result "1-0"]
[Round "1"]
1.e4 c6
2.c3 d6
3.h3 e6
4.Ng1f3 f6
5.Bf1e2 a5
6.d4 e5
7.dxe5 fxe5
8.Bc1g5 Qd8d7
9.c4 d5
10.Nf3xe5 Qd7c7
11.Qd1d4 Qc7d6
12.exd5 Qd6xd5
13.cxd5 cxd5
14.Be2h5 { resign }
1-0

[Event "Match"]
[Site "www.echecsemail.com"]
[Date "2018.05.06"]
[Round "1"]
[White "Dougbeer"]
[Black "Trusivka"]
[WhiteElo "1499"]
[BlackElo "1499"]
[Result "1-0"]
[Round "1"]
1.e4 c6
2.c4 e6
3.Nb1c3 Ng8f6
4.e5 c5
5.exf6 gxf6
6.Ng1f3 Nb8c6
7.d4 d5
8.Bc1e3 Ra8b8
9.dxc5 Bf8xc5
10.Be3xc5 b6
11.Bc5e3 d4
12.Nf3xd4 Nc6xd4
13.Qd1xd4 Qd8xd4
14.Be3xd4 e5
15.Bd4e3 Rh8g8
16.Bf1e2 Bc8d7
17.O-O-O Bd7f5
18.Be2f3 Rg8xg2
19.Bf3xg2 Rb8c8
20.Bg2d5 Rc8d8
21.Rh1g1 Rd8c8
22.Rg1g8 Ke7
23.Rg8xc8 Bf5xc8
24.c5 bxc5
25.Be3xc5 Ke8
26.Bd5c6 Bc8d7
27.Rd1xd7 h6
28.Nc3d5 f5
29.Nd5f6 { resign }
1-0

[Event "Tourn. n9806"]
[Site "www.echecsemail.com"]
[Date "2018.05.06"]
[Round "1"]
[White "Juheset"]
[Black "Attatroll"]
[WhiteElo "1809"]
[BlackElo "1980"]
[Result "0-1"]
[Round "1"]
1.Ng1f3 d5
2.d4 Nb8c6
3.Nb1c3 Ng8f6
4.Bc1g5 e6
5.Nf3e5 Bf8e7
6.Ne5xc6 bxc6
7.g3 O-O
8.Bf1g2 a5
9.Bg5d2 Bc8a6
10.e4 Ra8b8
11.e5 Nf6d7
12.b3 Be7b4
13.Nc3a4 Qd8e7
14.a3 Bb4xd2
15.Qd1xd2 c5
16.Qd2xa5 Rb8a8
17.Na4xc5 Nd7xc5
18.dxc5 Ba6f1
19.Qa5c3 Bf1xg2
20.Rh1g1 Bg2e4
21.b4 Rf8b8
22.f4 c6
23.h4 Qe7a7
24.g4 Qa7a4
25.Kd1 Rb8xb4
26.Kd2 Rb4c4
{ resign }
0-1

[Event "Tourn. n9816"]
[Site "www.echecsemail.com"]
[Date "2018.05.06"]
[Round "1"]
[White "Reda"]
[Black "Juheset"]
[WhiteElo "1800"]
[BlackElo "1809"]
[Result "0-1"]
[Round "1"]
1.d4 e5
2.dxe5 f6
3.exf6 Qd8xf6
4.Nb1c3 Bf8c5
5.Ng1f3 d6
6.Bc1g5 Qf6g6
7.Nc3d5 Bc5b6
8.h4 Qg6f5
9.e3 Bc8e6
10.Nd5c3 Qf5c5
11.Qd1d4 Qc5xd4
12.Nf3xd4 Be6g4
13.f3 Bg4d7
14.O-O-O c5
15.Nd4b5 Bd7xb5
16.Bf1xb5 Nb8c6
17.Rd1xd6 h6
18.Bg5f4 Ng8e7
19.Rd6e6 a6
20.Bb5xc6 bxc6
21.Bf4d6 Bb6d8
22.Bd6xe7 Kd7
23.Re6g6 Bd8xe7
24.Rg6xg7 Ra8e8
25.Rh1d1 Kc8
26.Nc3a4 Be7f6
27.Rg7g6 Bf6xh4
28.Rg6xc6 Kb7
29.Rc6xc5 Re8xe3
30.Rd1d7 Kb8
31.Rd7d6 Bh4g5
32.Rd6b6 Ka7
33.Rc5c7 Ka8
34.Rb6xa6 Kb8
35.Rc7a7 Re3e1

0-1

[Event "Match"]
[Site "www.echecsemail.com"]
[Date "2018.05.06"]
[Round "1"]
[White "Chapi"]
[Black "Gegonz"]
[WhiteElo "2100"]
[BlackElo "1610"]
[Result "0-1"]
[Round "1"]
1.d4 c6
2.c4 d5
3.Nb1c3 Ng8f6
4.Ng1f3 e6
5.Bc1g5 Bf8e7
6.cxd5 exd5
7.e3 Bc8f5
8.Bf1d3 Bf5xd3
9.Qd1xd3 Nb8d7
10.O-O O-O
11.Nc3e2 Nf6e4
12.Bg5xe7 Qd8xe7
13.Nf3d2 Nd7f6
14.f3 Ne4xd2
15.Qd3xd2 Rf8e8
16.e4 dxe4
17.fxe4 Nf6xe4
18.Qd2f4 Ra8d8
19.Ra1e1 Ne4f6
20.g4 Nf6d5
21.Qf4f3 Qe7e3
22.Qf3xe3 Nd5xe3
23.Rf1f2 Ne3xg4
24.Rf2g2 Rd8xd4
25.h3 Ng4f6
26.Re1f1 Rd4d2
27.Ne2g3 Rd2d3
28.Ng3e2 Nf6d5
29.Ne2g3 g6
30.Ng3f5 Rd3xh3
31.Nf5d6 Re8e7
32.Nd6c8 Re7e4
33.Nc8d6 Re4f4
34.Rf1xf4 Nd5xf4
35.Rg2f2 Rh3d3
36.Rf2xf4 Rd3xd6
37.Rf4e4 Rd6d7
38.a4 f5
39.Re4b4 Kf7
40.Kf2 g5
41.Kf3 Ke6
42.Ke3 h5
43.Kf3 h4
{ resign }
0-1

[Event "1/64 Finale"]
[Site "www.chess-mail.com"]
[Date "2018.05.06"]
[Round "1"]
[White "Picifarkinca"]
[Black "Attatroll"]
[WhiteElo "1700"]
[BlackElo "1990"]
[Result "0-1"]
[Round "1"]
1.d4 e5
2.e4 exd4
3.c3 d5
4.exd5 Qd8xd5
5.Qd1xd4 Ng8f6
6.Bc1f4 c6
7.Ng1f3 Bf8c5
8.Qd4e5 Qd5xe5
9.Bf4xe5 Nb8d7
10.Be5d4 O-O
11.Nb1d2 Bc5xd4
12.Nf3xd4 Nd7b6
13.O-O-O Bc8g4
14.f3 Bg4h5
15.Bf1d3 Nb6d5
16.g4 Bh5g6
17.Bd3xg6 hxg6
18.Rh1e1 Rf8e8
19.Nd2c4 Ra8d8
20.Nc4e5 Nd5f4
21.Kc2 Nf4g2
22.Re1e2 Ng2h4
23.f4 c5
24.Nd4b5 Nf6xg4
25.Rd1xd8 Re8xd8
26.Ne5xg4 a6
27.Nb5a3 Nh4f5
28.Na3c4 b5
29.Nc4e5 a5
30.Ne5c6 Rd8d5
31.Re2e5 Rd5d6
32.Re5xc5 b4
33.Ng4e5 Nf5e3
34.Kb3 bxc3
35.Kxc3 Ne3d1
36.Kc2 Nd1e3
37.Kb3 Kf8
38.Rc5xa5 Kg8
39.Ra5a8 Kh7
40.Ra8d8 Rd6e6
41.Nc6d4 Re6b6
{ resign }
0-1

[Event "1/64 Finale"]
[Site "www.chess-mail.com"]
[Date "2018.05.06"]
[Round "1"]
[White "Attatroll"]
[Black "Guidom"]
[WhiteElo "2000"]
[BlackElo "2100"]
[Result "0-1"]
[Round "1"]
1.e4 e5
2.f4 exf4
3.Bf1c4 d6
4.Ng1f3 Bf8e7
5.d4 Ng8f6
6.Nb1c3 O-O
7.Bc1xf4 Bc8g4
8.O-O Nb8d7
9.Qd1e1 c5
10.Nc3b5 Nd7b6
11.Bc4d3 c4
12.Bd3e2 Nf6xe4
13.a3 d5
14.h3 Bg4d7
15.Nb5c3 Ne4xc3
16.bxc3 Be7f6
17.Nf3e5 Bf6xe5
18.Bf4xe5 Bd7e6
19.a4 Nb6d7
20.Be5d6 Rf8e8
21.Be2h5 Qd8g5
22.Bh5f3 Be6xh3
23.Qe1g3 Qg5xg3
24.Bd6xg3 Bh3e6
25.Ra1b1 b6
26.Rb1b5 a6
27.Rb5b2 Ra8c8
28.Bf3e2 Nd7f6
29.Bg3e5 Nf6e4
30.Be2f3 Ne4xc3
31.Rb2xb6 Nc3xa4
32.Rb6xa6 Rc8a8
33.Ra6xa8 Re8xa8
34.Rf1a1 Na4b6
35.Ra1b1 Nb6d7
36.Be5h2 h6
37.Rb1b7 Nd7f6
38.Bh2e5 Ra8a2
39.Kh2 Ra2xc2
40.Bf3d1 Rc2d2
41.Bd1a4 Nf6g4
42.Kg3 Ng4xe5
43.dxe5 g6
{ resign }
0-1

[Event "1/64 Finale"]
[Site "www.chess-mail.com"]
[Date "2018.05.06"]
[Round "1"]
[White "Picifarkinca"]
[Black "Mitja"]
[WhiteElo "1890"]
[BlackElo "1960"]
[Result "0-1"]
[Round "1"]
1.d4 d5
2.c4 dxc4
3.Ng1f3 c6
4.e4 e6
5.Bf1xc4 Ng8f6
6.Bc1g5 Bf8e7
7.Nb1c3 b6
8.O-O h6
9.Bg5f4 Bc8b7
10.Rf1e1 Nf6h5
11.Bf4e3 Nh5f6
12.a3 O-O
13.h3 Qd8c7
14.Ra1c1 Nb8d7
15.Bc4a2 Ra8c8
16.e5 Nf6d5
17.Nc3xd5 exd5
18.Ba2xd5 Qc7d8
19.Bd5a2 Rf8e8
20.Qd1b3 Re8f8
21.Ba2b1 Rf8e8
22.e6 fxe6
23.Qb3xe6 Kh8
24.Nf3e5 Nd7xe5
25.Qe6xe5 Be7f6
{ resign }
0-1

[Event "1/128 Finale"]
[Site "www.chess-mail.com"]
[Date "2018.05.06"]
[Round "1"]
[White "Osopanda"]
[Black "Picifarkinca"]
[WhiteElo "1930"]
[BlackElo "1890"]
[Result "1-0"]
[Round "1"]
1.d4 d5
2.c4 e6
3.cxd5 exd5
4.Nb1c3 c6
5.e4 dxe4
6.Nc3xe4 Nb8d7
7.Ng1f3 Ng8f6
8.Bf1d3 Bf8b4
9.Bc1d2 Bb4e7
10.O-O O-O
11.Rf1e1 Nf6xe4
12.Re1xe4 Nd7f6
13.Re4h4 h6
14.Qd1b3 Ra8b8
15.Ra1e1 Bc8e6
16.Bd3c4 Be6xc4
17.Qb3xc4 Nf6d5
18.Nf3e5 Be7xh4
19.g3 Bh4f6
20.f4 { resign }
1-0

[Event "1/64 Finale"]
[Site "www.chess-mail.com"]
[Date "2018.05.06"]
[Round "1"]
[White "Guidom"]
[Black "Danquigley"]
[WhiteElo "2100"]
[BlackElo "2610"]
[Result "0-1"]
[Round "1"]
1.e4 c5
2.Ng1f3 a6
3.d4 cxd4
4.Nf3xd4 Ng8f6
5.Nb1c3 e5
6.Nd4f3 Bf8b4
7.Bf1d3 d5
8.Nf3xe5 Qd8e7
9.Ne5f3 dxe4
{ resign }
0-1

[Event "Tourn. n9789"]
[Site "www.chess-mail.com"]
[Date "2018.05.07"]
[Round "1"]
[White "Bojan"]
[Black "Francesco"]
[WhiteElo "1960"]
[BlackElo "1930"]
[Result "1-0"]
[Round "1"]
1.e4 c6
2.d4 d5
3.e5 Bc8f5
4.c3 e6
5.Ng1f3 Nb8d7
6.Bf1d3 Bf5xd3
7.Qd1xd3 c5
8.Bc1e3 cxd4
9.Be3xd4 Ng8e7
10.Nb1d2 Ne7f5
11.b3 Nf5xd4
12.Qd3xd4 Bf8c5
13.Qd4g4 O-O
14.Nf3d4 Nd7xe5
15.Qg4h3 Qd8f6
16.Ra1d1 Ne5c6
17.Nd2f3 Rf8e8
18.O-O a6
19.Qh3g4 Nc6e5
20.Qg4g3 Ra8c8
21.Nf3xe5 Bc5d6
22.f4 g5
23.Nd4f3 Kh8
24.fxg5 { resign }
1-0

[Event "Tourn. n9806"]
[Site "www.echecsemail.com"]
[Date "2018.05.07"]
[Round "1"]
[White "Tonino1"]
[Black "Johnmcbride"]
[WhiteElo "1950"]
[BlackElo "1970"]
[Result "1/2-1/2"]
[Round "1"]
1.d4 d5
2.f4 Nb8c6
3.e3 Ng8f6
4.c3 Bc8f5
5.Bf1d3 e6
6.Ng1f3 Bf8d6
7.O-O O-O
8.Bd3xf5 exf5
9.Nb1d2 Qd8e7
10.Nf3e5 Ra8e8
11.Rf1f3 Nf6e4
12.Nd2xe4 fxe4
13.Rf3h3 { draw }
1/2-1/2

[Event "Tourn. n9821"]
[Site "www.echecsemail.com"]
[Date "2018.05.07"]
[Round "1"]
[White "Malbertan"]
[Black "Tonino1"]
[WhiteElo "2010"]
[BlackElo "2060"]
[Result "0-1"]
[Round "1"]
1.e4 d6
2.Ng1f3 Ng8f6
3.e5 dxe5
4.Nf3xe5 g6
5.Bf1c4 e6
6.d4 Bf8g7
7.Bc1g5 O-O
8.Qd1d2 Rf8e8
9.Nb1c3 c6
10.Ne5g4 Nb8d7
11.O-O-O Qd8a5
12.h4 Nf6xg4
{ resign }
0-1

[Event "Tourn. n9816"]
[Site "www.echecsemail.com"]
[Date "2018.05.07"]
[Round "1"]
[White "Libiesse"]
[Black "Reda"]
[WhiteElo "1900"]
[BlackElo "1800"]
[Result "1-0"]
[Round "1"]
1.d4 d5
2.c4 dxc4
3.Ng1f3 Bc8f5
4.Nb1c3 Nb8c6
5.e4 Bf5g4
6.Bf1xc4 Bg4xf3
7.gxf3 Nc6xd4
8.Bc1e3 c5
9.Qd1a4 Nd4c6
10.Be3xc5 e5
11.Ra1d1 Qd8c8
12.Bc5xf8 Kxf8
13.Nc3d5 Qc8h3
14.Qa4a3 Nc6e7
15.Ke2 Qh3c8
16.b3 Qc8d7
17.Nd5b6 Qd7d8
18.Rd1xd8 Ra8xd8
19.Nb6d5 Rd8d7
20.Rh1d1 a6
21.Nd5xe7 Rd7xe7
22.Rd1d8 { resign }
1-0

[Event "Tourn. n9812"]
[Site "www.echecsemail.com"]
[Date "2018.05.07"]
[Round "1"]
[White "Fantomas"]
[Black "Bojan"]
[WhiteElo "2190"]
[BlackElo "2050"]
[Result "1-0"]
[Round "1"]
1.e4 e5
2.Ng1f3 d6
3.d4 exd4
4.Nf3xd4 g6
5.c3 Bc8d7
6.Qd1f3 a6
7.Bf1c4 Qd8e7
8.O-O Nb8c6
9.Bc1e3 Nc6e5
10.Qf3e2 Qe7f6
11.Bc4b3 c5
12.Nd4c2 Qf6h4
13.f3 Bd7e6
14.Bb3xe6 fxe6
15.Be3f2 Qh4d8
16.Nb1d2 Bf8h6
17.Nd2c4 Ne5xc4
18.Qe2xc4 Qd8e7
19.Ra1d1 Kf7
20.Bf2g3 Ra8d8
21.Rf1e1 b5
22.Qc4e2 e5
23.Nc2e3 Qe7e6
24.Ne3d5 Rd8d7
25.b3 Ng8f6
26.c4 Rh8b8
27.Bg3f2 Nf6xd5
28.Rd1xd5 b4
29.Re1d1 Bh6f4
30.Bf2xc5 Ke7
31.Qe2d3 Rb8d8
32.Bc5xb4 g5
33.g3 Bf4xg3
34.hxg3 h5
35.Qd3e3 Qe6f6
36.Rd1f1 Qf6g6
37.Rd5xe5 Kf7
38.Re5xg5 Qg6h7
39.Bb4c3 Ke8
40.Kg2 h4
41.Rf1h1 d5
42.cxd5 Rd7d6
43.Rh1xh4 Qh7f7
44.Rh4h8 Ke7
45.Rg5g7 { resign }
1-0

[Event "Match"]
[Site "www.echecsemail.com"]
[Date "2018.05.07"]
[Round "1"]
[White "Susov"]
[Black "Lug47"]
[WhiteElo "1700"]
[BlackElo "1499"]
[Result "0-1"]
[Round "1"]
1.e4 e5
2.Ng1f3 Ng8f6
3.Nb1c3 Nb8c6
4.Bf1c4 Bf8c5
5.d3 d5
6.Bc4xd5 Nc6e7
7.Bd5xf7 Kxf7
8.Nf3xe5 Ke6
9.Ne5g4 Qd8d4
10.Bc1e3 Qd4b4
11.Be3xc5 Qb4xc5
 { time }
0-1

[Event "Tourn. n9816"]
[Site "www.echecsemail.com"]
[Date "2018.05.07"]
[Round "1"]
[White "Libiesse"]
[Black "Juheset"]
[WhiteElo "1900"]
[BlackElo "1809"]
[Result "1/2-1/2"]
[Round "1"]
1.d4 e5
2.dxe5 f6
3.e4 h5
4.Nb1c3 fxe5
5.Ng1f3 d6
6.Bf1c4 Ng8f6
7.Bc1g5 Bf8e7
8.O-O Nf6g4
9.Qd1d2 Be7xg5
10.Qd2xg5 Qd8xg5
11.Nf3xg5 Nb8c6
12.h3 Ng4h6
13.Nc3b5 Kd8
14.Ng5e6 Bc8xe6
15.Bc4xe6 a6
{ draw }
1/2-1/2

[Event "Match"]
[Site "www.echecsemail.com"]
[Date "2018.05.07"]
[Round "1"]
[White "Micheles"]
[Black "Juheset"]
[WhiteElo "2630"]
[BlackElo "1809"]
[Result "1-0"]
[Round "1"]
1.d4 e5
2.dxe5 c6
3.Ng1f3 g6
4.Bc1f4 Bf8h6
5.Bf4xh6 Ng8xh6
6.Qd1d2 Nh6f5
7.Nb1c3 b5
8.Nc3e4 Qd8b6
9.g4 Nf5g7
10.Ne4d6 Ke7
11.Qd2g5 Kf8
12.Qg5f6 { resign }
1-0

[Event "Fast Game"]
[Site "www.echecsemail.com"]
[Date "2018.05.07"]
[Round "1"]
[White "Tonino1"]
[Black "Picifarkinca"]
[WhiteElo "1830"]
[BlackElo "1850"]
[Result "1-0"]
[Round "1"]
1.d4 c6
2.f4 Ng8f6
3.e3 d5
4.Bf1d3 Nb8d7
5.Ng1f3 e6
6.O-O b6
7.Nf3e5 Qd8c7
8.Nb1d2 a5
9.Qd1f3 Bc8a6
10.Bd3xa6 { resign }
1-0

[Event "Tourn. n9741"]
[Site "www.chess-mail.com"]
[Date "2018.05.08"]
[Round "1"]
[White "Fantomas"]
[Black "Esperanza"]
[WhiteElo "2280"]
[BlackElo "2040"]
[Result "1-0"]
[Round "1"]
1.e4 c5
2.Ng1f3 d6
3.d4 cxd4
4.Nf3xd4 Ng8f6
5.Bf1c4 e6
6.Nb1c3 a6
7.h3 b5
8.Bc4d3 Bc8b7
9.Qd1e2 Bf8e7
10.O-O O-O
11.Nd4f3 b4
12.Nc3d1 Nb8d7
13.c3 Nd7c5
14.Nf3d2 Nc5xd3
15.Qe2xd3 bxc3
16.Nd1xc3 Ra8c8
17.Nd2f3 Qd8c7
18.Bc1e3 Qc7c4
19.Qd3xc4 Rc8xc4
20.Nf3d2 Rc4c8
21.f3 d5
22.exd5 Nf6xd5
23.Nc3xd5 Bb7xd5
24.b3 Rc8c2
25.Rf1c1 Rf8c8
26.Nd2f1 Be7a3
27.Rc1d1 Rc2e2
28.Rd1d2 Rc8c2
29.Rd2xe2 Rc2xe2
30.Be3d2 Ba3c5
31.Kh1 Bc5d4
{ time. }
1-0

[Event "Tourn. n9778"]
[Site "www.chess-mail.com"]
[Date "2018.05.08"]
[Round "1"]
[White "Ermejo69"]
[Black "Cal"]
[WhiteElo "1689"]
[BlackElo "1640"]
[Result "1-0"]
[Round "1"]
1.Ng1f3 d5
2.c4 dxc4
3.Qd1a4 Nb8c6
4.g3 h6
5.Bf1g2 Bc8d7
6.Qa4xc4 e6
7.O-O Bf8d6
8.d3 a6
9.Qc4b3 Ng8f6
10.Nb1c3 b5
11.Rf1d1 O-O
12.Qb3c2 Qd8e7
13.d4 Nc6b4
14.Qc2b1 a5
15.a3 Nb4c6
16.Nc3xb5 Nf6d5
17.e4 Nd5f6
18.e5 Bd6xe5
19.dxe5 Nf6d5
20.Nb5c3 Nc6d8
21.Nc3xd5 exd5
22.Rd1xd5 Bd7c6
23.Rd5d1 Bc6xf3
24.Bg2xf3 Ra8a6
25.Qb1e4 Ra6e6
26.Bc1e3 Re6xe5
27.Qe4f4 Nd8c6
28.Bf3xc6 f6
29.Rd1d7 Qe7e6
30.Rd7xc7 Re5f5
31.Qf4e4 Rf5e5
32.Qe4g6 Qe6d6
33.Qg6xg7 { resign }
1-0

[Event "Tourn. n9752"]
[Site "www.chess-mail.com"]
[Date "2018.05.08"]
[Round "1"]
[White "Ditto"]
[Black "Bojan"]
[WhiteElo "1880"]
[BlackElo "1850"]
[Result "0-1"]
[Round "1"]
1.e4 c5
2.Nb1c3 e6
3.Ng1f3 d6
4.Bf1b5 Bc8d7
5.d3 Nb8c6
6.Bc1f4 a6
7.Bb5a4 h6
8.O-O b5
9.Ba4b3 Nc6a5
10.Rf1e1 Na5xb3
11.axb3 Bd7c6
12.e5 b4
13.Nc3b1 d5
14.Nb1d2 Ng8e7
15.Bf4e3 Ne7f5
16.c3 a5
17.Be3f4 Bf8e7
18.cxb4 axb4
19.Ra1xa8 Qd8xa8
20.Qd1e2 Qa8a2
21.Re1b1 g5
22.Bf4g3 g4
23.Nf3e1 Be7g5
24.f4 Nf5d4
25.Qe2d1 Bg5e7
26.Qd1xg4 Nd4xb3
27.Nd2xb3 Qa2xb1
28.Nb3a5 Bc6d7
29.Qg4g7 Rh8f8
30.b3 Bd7b5
31.Qg7g4 Bb5xd3
32.Qg4f3 Bd3b5
33.Na5b7 Kd7
34.Bg3f2 c4
35.bxc4 dxc4
36.Nb7a5 Rf8b8
37.h3 Qb1a1
38.Na5b7 Bb5c6
39.Qf3e2 Rb8xb7
40.Qe2xc4 Bc6d5
41.Qc4d3 b3
42.Kh2 Qa1c1
43.Qd3h7 Qc1xf4
44.Kg1 Bd5e4
45.Qh7g7 b2
46.Bf2g3 Qf4d2
47.Qg7g4 Qd2e3
48.Bg3f2 Qe3xf2
49.Kxf2 b1Q
50.Qg4e2 Rb7b2
{ resign }
0-1

[Event "Tourn. n9781"]
[Site "www.chess-mail.com"]
[Date "2018.05.08"]
[Round "1"]
[White "Drawlward"]
[Black "Urbe69"]
[WhiteElo "2550"]
[BlackElo "2230"]
[Result "1-0"]
[Round "1"]
1.e4 e6
2.d4 d5
3.Nb1c3 dxe4
4.Nc3xe4 Nb8d7
5.Ng1f3 Ng8f6
6.Ne4xf6 Nd7xf6
7.c3 Bf8e7
8.Bf1d3 O-O
9.Bc1f4 b6
10.Qd1e2 Bc8b7
11.O-O-O Be7d6
12.Bf4g3 Bd6xg3
13.hxg3 h6
14.Nf3e5 Bb7xg2
15.Rh1h2 Bg2d5
16.g4 Nf6d7
17.f4 Nd7xe5
18.dxe5 Qd8e7
19.g5 Qe7c5
20.Qe2e1 Rf8d8
21.gxh6 g6
22.Qe1h4  { time }
1-0

[Event "Tourn. n9794"]
[Site "www.chess-mail.com"]
[Date "2018.05.08"]
[Round "1"]
[White "Paes19"]
[Black "Add"]
[WhiteElo "2010"]
[BlackElo "2210"]
[Result "0-1"]
[Round "1"]
1.e4 d6
2.Nb1c3 e5
3.Bf1c4 Ng8f6
4.h3 c6
5.Ng1f3 Nb8d7
6.d4 h6
7.Bc1e3 Nf6xe4
8.Nc3xe4 d5
9.Nf3xe5 dxc4
10.Ne5xc4 Nd7f6
11.Ne4g3 Qd8d5
12.Nc4e5 Qd5xg2
13.Qd1e2 Bc8e6
14.c4 Nf6e4
15.Qe2f1 Bf8b4
16.Kd1 Qg2xf1
17.Rh1xf1 Ne4f6
18.a3 Bb4d6
19.Ra1c1 Be6xh3
20.Rf1e1 Bd6xe5
21.Be3f4 Nf6d7
22.Bf4xe5 Nd7xe5
23.Re1xe5 Bh3e6
24.Kc2 O-O
25.d5 cxd5
26.cxd5 Ra8c8
27.Kb1 Rc8xc1
28.Kxc1 Be6g4
29.Re5e7 Rf8d8
30.Re7xb7 Rd8xd5
31.Rb7xa7 h5
32.Ra7a4 f5
33.Ra4f4 h4
34.f3 hxg3
35.fxg4 g2
{ resign }
0-1

[Event "Tourn. n9682"]
[Site "www.chess-mail.com"]
[Date "2018.05.08"]
[Round "1"]
[White "Gvladutz"]
[Black "Piriot"]
[WhiteElo "2480"]
[BlackElo "2500"]
[Result "1-0"]
[Round "1"]
1.c4 c5
2.Ng1f3 Ng8f6
3.g3 Nb8c6
4.Bf1g2 d5
5.cxd5 Nf6xd5
6.d4 cxd4
7.Nf3xd4 Nd5b4
8.Nd4xc6 Qd8xd1
9.Kxd1 Nb4xc6
10.Nb1c3 Bc8f5
11.e4 O-O-O
12.Ke1 Bf5g6
13.Bc1e3 e6
14.Ra1c1 Bf8b4
15.a3 Bb4xc3
16.Rc1xc3 Kb8
17.f4 e5
18.Kf2 f6
19.Rh1c1 Rh8e8
20.f5 Bg6f7
21.b4 Rd8d7
22.g4 Nc6d4
23.a4 Re8d8
24.g5 Nd4c6
25.Rc1b1 Rd7d3
26.Rc3xd3 Rd8xd3
27.Bg2f1 Rd3a3
28.Be3c5 Ra3a2
29.Kg3 Ra2a3
30.Kg4 Ra3xa4
31.Bc5f8 h5
32.gxh6 gxh6
33.Bf8xh6 a5
34.Bh6g7 axb4
35.Bf1b5 Ra4a2
36.Bg7xf6 b3
37.h4 Kc7
38.Bb5xc6 Kxc6
39.Bf6xe5 Ra2c2
40.h5 Rc2e2
41.Kg5 Re2g2
42.Kh4 Rg2e2
43.Rb1c1 Kb5
44.Kg5 Re2xe4
45.Be5g7 Re4e2
46.h6 Re2g2
47.Kf4 Bf7g8
48.Rc1f1 Rg2h2
49.Kg3 Rh2h5
50.Kg4 Rh5h2
{ time. }
1-0

[Event "Tourn. n9780"]
[Site "www.chess-mail.com"]
[Date "2018.05.08"]
[Round "1"]
[White "Picifarkinca"]
[Black "Claymil"]
[WhiteElo "1910"]
[BlackElo "1940"]
[Result "0-1"]
[Round "1"]
1.d4 d5
2.c4 e6
3.Nb1c3 g6
4.Ng1f3 Bf8g7
5.Bc1f4 a6
6.e3 Ng8e7
7.Ra1c1 O-O
8.c5 Nb8c6
9.a3 b6
10.cxb6 cxb6
11.Bf1e2 Bc8b7
12.O-O h6
13.h3 Ne7f5
14.Bf4h2 Ra8c8
{ resign }
0-1

[Event "Tourn. n9796"]
[Site "www.chess-mail.com"]
[Date "2018.05.08"]
[Round "1"]
[White "Reda"]
[Black "Alvarin111"]
[WhiteElo "1810"]
[BlackElo "1820"]
[Result "0-1"]
[Round "1"]
1.d4 e6
2.Bc1f4 Nb8c6
3.Nb1c3 d5
4.e3 Ng8f6
5.Nc3b5 Bf8d6
6.Bf4xd6 cxd6
7.Ng1f3 a6
8.Nb5c3 O-O
9.Bf1d3 h6
10.O-O Qd8c7
11.e4 dxe4
12.Nc3xe4 Nf6xe4
13.Bd3xe4 d5
14.Be4d3 Bc8d7
15.Qd1e2 Ra8e8
16.Nf3d2 Nc6xd4
17.Qe2d1 e5
18.c3 Nd4e6
19.Rf1e1 e4
20.Bd3e2 Ne6f4
21.c4 d4
22.Be2f1 f5
23.Qd1b3 Bd7e6
24.g3 Nf4g6
25.Qb3c2 b5
26.c5 d3
27.Qc2c3 Ng6e5
28.Nd2b3 Ne5f3
29.Kg2 Nf3xe1
30.Ra1xe1 Be6xb3
31.Qc3xb3 Kh8
32.Re1c1 Qc7c6
33.Kg1 Re8e5
34.Qb3c3 Re5d5
35.b4 f4
36.g4 Rd5g5
37.h3 h5
38.Qc3d4 hxg4
39.Rc1e1 Rf8e8
40.Bf1xd3 exd3
41.Re1xe8 Qc6xe8
42.Qd4xf4 Qe8d8
43.hxg4 d2
{ resign }
0-1

[Event "Tourn. n9635"]
[Site "www.chess-mail.com"]
[Date "2018.05.08"]
[Round "1"]
[White "Claymil"]
[Black "Sahlapalat"]
[WhiteElo "2060"]
[BlackElo "1870"]
[Result "1/2-1/2"]
[Round "1"]
1.c4 c5
2.Nb1c3 e6
3.g3 Ng8f6
4.Bf1g2 Nb8c6
5.e3 Bf8e7
6.Ng1e2 O-O
7.a3 a6
8.O-O Qd8c7
9.b3 Ra8b8
10.d4 b5
11.dxc5 Be7xc5
12.b4 Bc5e7
13.c5 d6
14.cxd6 Be7xd6
15.Bc1b2 Bc8b7
16.Ra1c1 Rf8d8
17.Qd1c2 Nc6e5
18.f3 Ne5c4
19.Nc3d1 Rb8c8
20.Ne2d4 Nf6d5
21.Qc2e2 Qc7e7
22.Nd1c3 Nc4xb2
23.Qe2xb2 Nd5xc3
24.Rc1xc3 Rc8xc3
25.Qb2xc3 Rd8c8
26.Qc3d3 g6
27.Rf1d1 Bd6e5
28.f4 Bb7xg2
29.Kxg2 Be5xd4
30.Qd3xd4 Rc8c2
31.Kh3 Qe7b7
32.e4 Rc2c4
33.Qd4e5 Rc4c8
34.Kg4 h5
35.Kg5 Qb7e7
36.Kh6 Qe7f8
37.Kg5 Qf8e7
38.Qe5f6 Qe7xf6
39.Kxf6 Rc8c3
40.Rd1d8 Kh7
41.Kxf7 Rc3xa3
42.Rd8d6 Ra3a4
43.Rd6xe6 Ra4xb4
44.Re6xa6 Rb4xe4
45.Ra6b6 b4
46.Kf6 h4
47.Rb6b7 Kh6
48.Rb7b8 Kh7
49.Kg5 hxg3
50.hxg3 Re4e3
51.Rb8b7 Kg8
52.Rb7xb4 Re3xg3
53.Kf6 Rg3g4
54.Rb4d4 Kh7
55.Rd4d7 Kh6
56.Ke5 Rg4g1
57.Rd7d6 Kg7
{ draw }
1/2-1/2

[Event "Tourn. n9753"]
[Site "www.chess-mail.com"]
[Date "2018.05.08"]
[Round "1"]
[White "Gegonz"]
[Black "Libiesse"]
[WhiteElo "1850"]
[BlackElo "1750"]
[Result "1-0"]
[Round "1"]
1.d4 Ng8f6
2.c4 g6
3.Nb1c3 Bf8g7
4.Ng1f3 O-O
5.e4 e6
6.e5 Nf6e8
7.Bc1g5 f6
8.exf6 Ne8xf6
9.Qd1d2 b6
10.Bf1e2 Bc8b7
11.O-O Qd8c8
12.Nf3e5 d6
13.Ne5d3 Nf6e4
14.Nc3xe4 Bb7xe4
15.Qd2e3 Be4b7
16.Be2g4 Kh8
17.Bg4xe6 Qc8e8
18.d5 Nb8d7
19.Bg5h6 Qe8e7
20.Ra1e1 Ra8e8
21.b4 Bb7a6
22.b5 Ba6b7
23.a4 Qe7h4
24.Bh6xg7 Kxg7
25.Qe3c1 Nd7f6
26.Qc1c3 Re8e7
27.g3 Qh4h3
28.Be6xh3 { resign }
1-0

[Event "Match"]
[Site "www.echecsemail.com"]
[Date "2018.05.08"]
[Round "1"]
[White "Ssharp"]
[Black "Mitja"]
[WhiteElo "2290"]
[BlackElo "2060"]
[Result "1/2-1/2"]
[Round "1"]
1.e4 d5
2.e5 e6
3.d4 a6
4.f4 c6
5.Ng1f3 h6
6.Bf1d3 Ng8e7
7.O-O Ne7f5
8.Bd3xf5 exf5
9.Nb1c3 g6
10.Nc3e2 Bc8e6
11.b3 Nb8d7
12.Bc1d2 Bf8e7
13.Ne2c3 g5
14.Nc3a4 g4
15.Nf3e1 h5
16.Qd1e2 h4
17.c4 dxc4
18.bxc4 b5
19.Na4b2 Nd7b6
20.Bd2a5 Qd8xd4
21.Qe2f2 Qd4xf2
22.Kxf2 Be7c5
23.Ke2 Nb6xc4
24.Nb2xc4 Be6xc4
25.Ne1d3 Ra8a7
26.Rf1d1 Ra7d7
27.Rd1d2 Ke7
28.Ra1d1 Rh8b8
29.Ke1 Bc4xd3
30.Rd2xd3 Rd7xd3
31.Rd1xd3 Bc5b6
32.Ba5xb6 Rb8xb6
33.Rd3d6 a5
34.Kd2 Rb6b7
35.Rd6xc6 Rb7d7
36.Ke2 Rd7d4
37.g3 h3
38.Rc6c2 f6
39.exf6 Kxf6
40.Rc2c6 Ke7
41.Rc6c5 Ke6
42.Rc5xb5 Rd4a4
43.Rb5b2 Ra4e4
44.Kd3 a4
45.a3 Kd5
46.Rb2b5 { draw }
1/2-1/2

[Event "Match"]
[Site "www.echecsemail.com"]
[Date "2018.05.08"]
[Round "1"]
[White "Eeze"]
[Black "Storzman"]
[WhiteElo "1499"]
[BlackElo "1199"]
[Result "0-1"]
[Round "1"]
1.e4 e6
2.Ng1f3 d5
3.exd5 exd5
4.d4 c5
5.c3 Ng8f6
6.Bc1g5 Qd8b6
7.Qd1e2 Bf8e7
8.dxc5 Qb6e6
9.Qe2xe6 Bc8xe6
10.Nf3d4 Be6d7
11.b4 O-O
12.Bf1e2 Rf8e8
13.O-O h6
14.Bg5h4 Nb8c6
15.Be2f3 g5
16.Bh4g3 Be7f8
17.Nb1a3 a6
18.Na3c2 g4
19.Bf3e2 Nf6e4
20.c4 dxc4
21.Nd4xc6 Ne4xg3
22.hxg3 Re8xe2
23.Nc6d4 Re2d2
24.Ra1d1 Rd2xd1
25.Rf1xd1 Bd7a4
26.Rd1e1 Ra8d8
27.Re1e2 Rd8d5
28.Re2e8 Ba4xe8
29.Nd4e2 Rd5d2
30.Ne2d4 Be8a4
{ resign }
0-1